000
00291nam a22001337a 4500
008
171227b xxu||||| |||| 00| 0 eng d
020
_a
9781594868542
041
_a
eng
080
_a
612.39
100
_a
10
101
_a
NUT
245
_a
EAT THIS NOT THAT
_c
DAVID.Z
942
_2
udc
_c
BK
999
_c
39490
_d
39490